书目信息 |
| 书名: | Applied charged particle optics | |
| 作者: | edited by A. Septier. | |
| 分册号: | ||
| 分册名: | 出版地: | New York : |
|
| 出版社: | Academic Press | |
| 出版时间: | 1980. | |
| 页数: | 356p. : | |
| 开本: | 24 cm. | |
| 丛书名: | Advances in electronics and electron physics. Supplement | |
| 中图分类号: | ||
| 科图分类号: | ||
| 其他分类号: | O46:H31 | |
| 主题词: | ||
| 电子资源: | ||
| 000 | 00932cam 22002890a 4504 | |
| 001 | E0731459751 | |
| 003 | CaOON | |
| 005 | 20070301084905.45 | |
| 008 | 801217s1980 nyua t 0010 eng d | |
| 020 | @a012014574X. | |
| 020 | @a0120145766. | |
| 020 | @a0120145731 (v. 1). | |
| 040 | @aDLC@beng@cDLC@dCaOONL@dCaOON | |
| 050 | 00 | @aQC793.5.E622@bA66 |
| 082 | 0 | @a537.5/6 |
| 090 | @aP355/W28 | |
| 090 | @aO46:H31 | |
| 099 | @dO46:H31@ex6:1 | |
| 245 | 00 | @aApplied charged particle optics.@nPART A / @cedited by A. Septier. |
| 260 | 0 | @aNew York :@bAcademic Press,@c1980. |
| 300 | @a356p. :@bill. ;@c24 cm. | |
| 440 | 0 | @aAdvances in electronics and electron physics. Supplement,@x0065-2547 ;@vno. 13. |
| 504 | @aIncludes bibliographies and index. | |
| 650 | 0 | @aElectron optics. |
| 700 | 1 | @aSeptier, Albert L. |
| 740 | 0 | @aCharged particle optics. |
| 920 | @a232010@z2 | |
| Applied charged particle optics.. PART A / / edited by A. Septier.-New York : : Academic Press, , 1980. |
| 356p. : : ill. ; ; 24 cm.- (Advances in electronics and electron physics. Supplement, 0065-2547 ; no. 13. ) |
| Includes bibliographies and index. |
| ISBN 012014574X. |
| ● |
| 相关链接 |
|
|
|
|
正题名:Applied charged particle optics
索取号:O46:H31/x6:1
 
预约/预借
| 序号 | 登录号 | 条形码 | 馆藏地/架位号 | 状态 | 备注 |
| 1 | 131304 | 000638439 | 第四借阅区/ [索取号:O46:H31/x6:1] | 在馆 | |
| 2 | 131305 | 000638420 | 第四借阅区/ [索取号:O46:H31/x6:1] | 在馆 | |
| 3 | 131306 | 000638457 | 第四借阅区/ [索取号:O46:H31/x6:1] | 在馆 | |
| 4 | 131307 | 000638448 | 第四借阅区/ [索取号:O46:H31/x6:1] | 在馆 | |
| 5 | 131308 | 000638466 | 第二样本阅览室/ [索取号:O46:H31/x6:1] | 在馆 |